Disgusting science jobs / (Record no. 384399)
[ view plain ]
| 000 -LEADER | |
|---|---|
| fixed length control field | 01537cam a2200397 i 4500 |
| 001 - CONTROL NUMBER | |
| control field | fol20040023 |
| 003 - CONTROL NUMBER IDENTIFIER | |
| control field | IMchF |
| 005 - DATE AND TIME OF LATEST TRANSACTION | |
| control field | 20230518154729.0 |
| 008 - FIXED-LENGTH DATA ELEMENTS--GENERAL INFORMATION | |
| fixed length control field | 201003s2023 mnua c b 001 0 eng |
| 010 ## - LIBRARY OF CONGRESS CONTROL NUMBER | |
| LC control number | 2020030451 |
| 020 ## - INTERNATIONAL STANDARD BOOK NUMBER | |
| International Standard Book Number | 9781623106843 |
| Qualifying information | trade |
| 020 ## - INTERNATIONAL STANDARD BOOK NUMBER | |
| International Standard Book Number | 9781644665510 |
| Qualifying information | pbk. |
| 040 ## - CATALOGING SOURCE | |
| Original cataloging agency | LBSOR/DLC |
| Language of cataloging | eng |
| Description conventions | rda |
| Transcribing agency | DLC |
| Modifying agency | ICrlF |
| 042 ## - AUTHENTICATION CODE | |
| Authentication code | pcc |
| 050 00 - LIBRARY OF CONGRESS CALL NUMBER | |
| Classification number | Q147 |
| Item number | .B53 2022 |
| 082 00 - DEWEY DECIMAL CLASSIFICATION NUMBER | |
| Classification number | 502.3 |
| Edition number | 23 |
| 092 ## - LOCALLY ASSIGNED DEWEY CALL NUMBER (OCLC) | |
| Classification number | 502.3 |
| Item number | B646d |
| 100 1# - MAIN ENTRY--PERSONAL NAME | |
| Personal name | Bleckwehl, Mary Evanson, |
| Relator term | author. |
| 9 (RLIN) | 6467684 |
| 245 10 - TITLE STATEMENT | |
| Title | Disgusting science jobs / |
| Statement of responsibility, etc | Mary E. Bleckwehl. |
| 246 30 - VARYING FORM OF TITLE | |
| Title proper/short title | Science jobs. |
| 264 #1 - Production, Publication, Distribution, Manufacture, and Copyright Notice. | |
| Place of production, publication, distribution, manufacture | Mankato, Minnesota : |
| Name of producer, publisher, distributor, manufacturer | Black Rabbit Books, |
| Date of production, publication, distribution, manufacture, or copyr | [2023] |
| 300 ## - PHYSICAL DESCRIPTION | |
| Extent | 24 pages : |
| Other physical details | color illustrations ; |
| Dimensions | 24 cm. |
| 336 ## - Content Type | |
| Content type term | text |
| 337 ## - Media type | |
| Media type term | unmediated |
| 338 ## - Carrier type | |
| Carrier type term | volume |
| 490 1# - SERIES STATEMENT | |
| Series statement | Hi jinx. Awesome, disgusting careers. |
| 504 ## - BIBLIOGRAPHY, ETC. NOTE | |
| Bibliography, etc | Includes bibliographical references and index. |
| 520 ## - SUMMARY, ETC. | |
| Summary, etc | "Readers explore the awesome, disgusting science jobs that keep their world running smoothly"--Provided by publisher. |
| 650 #0 - SUBJECT ADDED ENTRY--TOPICAL TERM | |
| Topical term or geographic name as entry element | Science |
| General subdivision | Vocational guidance |
| Form subdivision | Juvenile literature. |
| 9 (RLIN) | 6435011 |
| 650 #0 - SUBJECT ADDED ENTRY--TOPICAL TERM | |
| Topical term or geographic name as entry element | Scientists |
| Form subdivision | Juvenile literature. |
| 9 (RLIN) | 5696098 |
| 650 #1 - SUBJECT ADDED ENTRY--TOPICAL TERM | |
| Topical term or geographic name as entry element | Vocational guidance. |
| 776 08 - ADDITIONAL PHYSICAL FORM ENTRY | |
| Display text | Online version: |
| Main entry heading | Bleckwehl, Mary Evanson. |
| Title | Disgusting science jobs |
| Place, publisher, and date of publication | Mankato, Minnesot : Black Rabbit Books, [2022] |
| International Standard Book Number | 9781623106904 |
| Record control number | (DLC) 2020030452. |
| 830 #0 - SERIES ADDED ENTRY--UNIFORM TITLE | |
| Uniform title | Hi jinx. |
| Name of part/section of a work | Awesome, disgusting careers. |
| 9 (RLIN) | 6467679 |
| 907 ## - LOCAL DATA ELEMENT G, LDG (RLIN) | |
| a | .b469170025 |
| 942 ## - ADDED ENTRY ELEMENTS (KOHA) | |
| Source of classification or shelving scheme | Dewey Decimal Classification |
| Koha item type | BOOK |
| Withdrawn status | Lost status | Source of classification or shelving scheme | Damaged status | Not for loan | Collection code | Home library | Current library | Shelving location | Date acquired | Source of acquisition | Total Checkouts | Full call number | Barcode | Date last seen | Cost, replacement price | Price effective from | Koha item type |
|---|---|---|---|---|---|---|---|---|---|---|---|---|---|---|---|---|---|
| Dewey Decimal Classification | Junior NonFiction | Wasatch County Library | Wasatch County Library | Second Floor | 07/10/2023 | Rainbow Books | J 502.3 Bleckwehl | 34301002033001 | 12/26/2025 | 24.95 | 07/10/2023 | BOOK |
